01354 2200205 4500001002100000005001500021008004100036035002000077082000800097084001400105100001400119245003400133250000600167260003800173300001200211520089100223650001001114990001201124990001201136INLIS00000000000089820240604075114240604 1 ind  a0010-0524000133 a813 a813 ACH i aAchitjung1 aIdol Screet Love /cAchitjung a1 aYogyakarta :bSheila/ Andi,c2016 a250 hlm aJessica Jung, member Girls Generation yang terkenal angkuh dan berparas dingin ini diam-diam sedang dekat dengan salah satu dancernya sendiri. Kisahnya dimulai ketika SM memutuskan merekrut beberapa dancer untuk menjadi back dancer di comeback Girls Generation di tahun 2014 ini. Salah satu dancer yang menarik perhatiannya adalah Kasper, dancer profesional yang sikapnya tidak jauh beda dengan Jessica, dingin seperti es. Sejak pertaman kali bertemu dengannya, Jessica telah menautkan hatinya pada sosok misterius itu,hubungan mereka semakin dekat seiring dengan latihan intensif yang mereka jalani untuk persiapan comeback Girl s Generation. Namun, dibalik kedekatan itu, ternyata mereka tak memiliki hubungan apapun selain artis dan dancernya, tapi apakah hubungan mereka benar-benar hanya sebatas itu? Atau kah mereka hanya menutupi karena takut hubungan mereka terkuak ke media? 4aFiksi a0741396 a0741397